| 000 | 01936nam0a2200313 4500 | ||
|---|---|---|---|
| 001 | RU\NLR\bibl\1925272 | ||
| 005 | 20250616201828.0 | ||
| 010 | _a5-7420-0483-4 | ||
| 035 | _a(NLR Aleph) 001914688 | ||
| 090 |
_a3223942 _c3223942 |
||
| 100 | _a20120716d1990 |||y0rusy50 ca | ||
| 101 | 0 | _arus | |
| 102 | _aRU | ||
| 105 | _ay ||||||||| | ||
| 200 | 1 | _aАнекдотъ с государева двора или 150 исторических анекдотов из жизни русских государей XVII-XIX веков: Петра I, 1672-1725, Петра III, 1715-1730, Павла I, 1754-1801, Александра I, 1777-1825, Николая I, 1796-1855, Александра II, 1818-1881 и императриц Елисаветы, 1709-1761, Екатерины II, 1729-1796, Марии Федоровны, 1759-1828, Александры Федоровны, 1798-1860, Марии Александровны, 1824-1880 | |
| 210 |
_aНижний Новгород _cРИО "Пегас" _d1990 |
||
| 215 |
_a71, [2] с. _d21 |
||
| 300 | _aЗагл. обл.: Анекдотъ с государева двора | ||
| 300 | _aВ макете город.: Горький - Нижний Новгород | ||
| 300 | _aИзд. на средства Л.Л. Хвалина | ||
| 512 | 1 | _aАнекдотъ с государева двора | |
| 517 | 0 | _a150 исторических анекдотов из жизни русских государей XVII-XIX веков | |
| 607 |
_aРоссия _xИстория _xАнекдоты _92364650 _3RU\NLR\auth\661411799 |
||
| 686 | _aТ3(2)0,02 | ||
| 801 | 0 |
_aRU _bNLR _c20120716 _gRCR |
|
| 801 | 1 |
_aRU _bNLR _c20120716 |
|
| 942 | _cBOOK | ||
| 980 | _aNB | ||